Normal view MARC view
  • Ahmad,Maaz

Entry Personal Name

Number of records used in: 3

001 - CONTROL NUMBER

  • control field: 8168

003 - CONTROL NUMBER IDENTIFIER

  • control field: NUST

005 - DATE AND TIME OF LATEST TRANSACTION

  • control field: 20180110140526.0

008 - FIXED-LENGTH DATA ELEMENTS

  • fixed length control field: 180110|| aca||aabn | a|a d

040 ## - CATALOGING SOURCE

  • Original cataloging agency: NUST
  • Transcribing agency: NUST

100 ## - HEADING--PERSONAL NAME

  • Personal name: Ahmad,Maaz

670 ## - SOURCE DATA FOUND

  • Source citation: Work cat.: (NUST): Ahmad,Maaz, Effects of Soil pH on Phosphorus Availability and Microbial Population Upon TiO2 Nanoparticles Application, 2017.
© 2023 Central Library, National University of Sciences and Technology. All Rights Reserved.